Statistiques concernant Lettre par Lettre - Pays #4

Cliquez ici pour prendre le quiz!

Statistiques générales

  • Ce quiz a été pris 303 fois
  • Le résultat moyen est 35 sur 42

Statistiques - réponses

Réponse% Correct
G
98%
R
97%
T
96%
I
95%
Gu
92%
Q
92%
Ro
92%
Tu
90%
In
88%
Qa
88%
Qat
88%
Qata
88%
Qatar
88%
Ind
87%
Gui
86%
Indo
86%
Indon
86%
Indoné
86%
Indonés
86%
Indonési
85%
Tuv
85%
Indonésie
84%
Guin
83%
Guiné
82%
Tuva
82%
Guinée
81%
Tuval
81%
Tuvalu
80%
Guinée B
77%
Roy
77%
Roya
77%
Royau
77%
Royaum
77%
Guinée Bi
76%
Guinée Bis
75%
Royaume
75%
Royaume-U
75%
Guinée Biss
73%
Royaume-Un
73%
Royaume-Uni
73%
Guinée Bissa
72%
Guinée Bissau
71%

Distribution des résultats

Percentile par nombre de réponses

% des personnes avec chaque résultat

Votre développement - résultats

Vous n’avez pas pris ce quiz